00462 2200193 4500001002100000005001500021035002500036040002200061082001200083084001400095100001400109245004500123260003200168300002000200650001400220850001200234990001100246990001100257YOGYA00000000000703720230508112034 a0010-081400000006755 aYOPDYOGbinderda04223a530 a530 MUJ p aMujiharjo10aPelajaran ilmu alam jilid 2 /cmujiharjo31aSemarang :bKanisius,c1953 a93hlm. ;c20cm.04aIlmu alam aYOPDYOG a9323-A a9323-A